00273nam a2200109Ia 4500008004100000082001700041100002300058245003600081260002000117300000800137650001800145150301s2015 xx 000 0 und d a616.07bE12K aKAWTHDKAR , SHINSH aESSENTILS OF CLINICAL PATHOLOGY bJEUYPEE MED PUB a370 aPHARMACEUTICS